[Event "Kurnosov Memorial Rapid 2018"]
[Site "Chelyabinsk"]
[Date "2018.09.07"]
[Round "4"]
[White "Yudin, Sergei"]
[Black "Kabanov, Nikolai"]
[Result "1-0"]
[WhiteElo "2641"]
[BlackElo "2476"]
[Annotator "TA RC"]
[PlyCount "87"]
[EventDate "2018.09.07"]
[EventType "swiss"]
[EventCountry "RUS"]
[SourceTitle "playchess.com"]
[Source "ChessBase"]
[SourceQuality "1"]

{[%evp 13,87,33,16,37,17,-11,69,38,35,28,32,22,33,15,24,32,31,22,25,17,66,71,56,67,80,69,64,0,37,0,0,0,0,-158,-22,-61,-67,-70,-71,-67,-20,0,125,122,113,126,202,187,149,193,157,104,1207,1029,2276,1371,5460,5477,5318,5317,5310,5310,1375,5306,5306,0,5306,5306,4625,3960,1785,1802,29986,29987,29987,29988]} 1. e4 c5 2. Nf3 e6 3. g3 Nc6 4. Bg2 b5 (4... Nf6 5. Qe2 e5 6. O-O Be7 7. c3 d6 8. Na3 O-O 9. Nc2 Re8 10. Rd1 Bf8 11. d3 b5 12. a4 b4 13. cxb4 cxb4 {0-1 (23) Vachier Lagrave,M (2795)-Grischuk,A (2750) chess.com INT 2017}) 5. O-O Bb7 6. d3 {B40: Sizilianisch (Klassisches System mit e7-e6)} d6 7. c3 Nf6 {LiveBook: 3 Partien} 8. d4 $146 {Die Stellung ist ausgeglichen.} ({Vorgänger:} 8. Re1 Be7 9. d4 cxd4 10. cxd4 O-O 11. Bf4 d5 12. e5 {0-1 (33) Berend,E (2303)-Cori Tello,D (2389) Riadh 2017}) 8... cxd4 9. cxd4 d5 (9... Nxe4 $11 10. d5 exd5) 10. e5 Nd7 {[%cal Bf6d7,Bd7b6,Bb6c4,Bc4a3][%mdl 32]} 11. Nc3 {[%cal Bb1c3,Bc3e2,Be2f4][%mdl 32]} b4 12. Ne2 Be7 13. Re1 a5 14. h4 Nb6 15. Nf4 O-O 16. Nh5 g6 17. Nf4 a4 18. Rb1 Nc4 19. Nh3 Qb6 20. Bg5 ({Günstiger ist} 20. h5 $14) 20... b3 21. a3 Bxa3 22. bxa3 Nxa3 23. Bf6 $2 {[#]} (23. Qc1 $11 Qb4 24. Bd2) 23... Rfc8 (23... Nxb1 $2 24. Qc1 $18) (23... Qb4 $1 $17 24. Qc1 Rfc8) 24. Qd2 $11 {Weiss droht Dh6! und Matt.} Qb4 $1 {[%cal Rb4d2]} 25. Qg5 $1 (25. Qh6 $2 Qf8 $19) 25... Nxb1 (25... Nxd4 $2 26. Nxd4 Nxb1 27. Rxb1 $18) 26. Rxb1 {Weiss will h5 spielen.} Qf8 27. h5 {hxg6 ist eine echte Drohung.} a3 {[#]} (27... Rc7 $1 $11 {bleibt in der Remisbreite.} 28. Nf4 Qe8) 28. Nf4 $1 $16 {[%cal Rh5g6][%mdl 1024] Weiss hat starke Kompensation.} a2 29. Rf1 $40 {[%cal Rh5g6][%mdl 128] Weiss will per K.O. gewinnen.} Rc7 (29... a1=Q 30. hxg6 Qxf1+ 31. Bxf1 $18) (29... Ne7 $16 30. hxg6 (30. Bxe7 $2 h6 $19) 30... Nxg6) 30. hxg6 $18 fxg6 31. Nxe6 Qf7 32. Nxc7 Qxc7 $4 {[%mdl 8192]} (32... b2 $16 33. Nd2 Ra5) 33. Nh4 ({Jedoch nicht} 33. Bh3 $2 a1=Q $19) 33... Nxd4 {[#]} 34. Nxg6 $1 {[%mdl 512]} hxg6 35. Qxg6+ Kf8 36. Qh6+ Ke8 37. Bh3 {Weiss will mit Dh8+ Matt setzen.} Qf7 38. Qh8+ Qf8 39. Qh5+ Qf7 {[#]} 40. Bd7+ $1 {[%mdl 512]} Kxd7 41. Qxf7+ Kc6 42. Rc1+ Kb6 43. Qc7+ Ka6 44. Qd6+ {Precision: Weiß = 63%, Schwarz = 49%.} 1-0

[Event "Kurnosov Memorial Rapid 2018"]
[Site "Chelyabinsk"]
[Date "2018.09.07"]
[Round "4"]
[White "Bocharov, Ivan"]
[Black "Goganov, Aleksey"]
[Result "1/2-1/2"]
[WhiteElo "2625"]
[BlackElo "2544"]
[Annotator "TA"]
[PlyCount "62"]
[EventDate "2018.09.07"]
[EventType "swiss"]
[EventCountry "RUS"]
[SourceTitle "playchess.com"]
[Source "ChessBase"]
[SourceQuality "1"]

{[%evp 22,62,11,22,20,10,11,0,14,0,0,0,0,0,0,0,0,0,0,0,0,0,0,0,8,8,8,-18,8,8,8,7,17,5,7,8,10,8,18,0,16,0,34]} 1. e4 e5 2. Nf3 Nc6 3. d4 exd4 4. Nxd4 Nf6 5. Nxc6 bxc6 6. e5 Qe7 7. Qe2 Nd5 8. c4 Nb6 9. Nc3 Bb7 {C45: Scotch Game} 10. h4 (10. Bd2 O-O-O 11. O-O-O Re8 12. Re1 Qb4 13. Kb1 Ba6 14. Nd5 Qa4 15. Nxb6+ axb6 16. g3 f6 17. f4 fxe5 18. fxe5 {0-1 (38) Saric,I (2689)-Almasi,Z (2699) Rio Achaea 2018}) 10... O-O-O 11. Bg5 f6 12. exf6 {LiveBook: 3 Games. The position is equal.} gxf6 13. Qxe7 Bxe7 14. Be3 Ba6 $146 ({Predecessor:} 14... d5 15. O-O-O dxc4 16. Rxd8+ Rxd8 17. Bxb6 cxb6 18. Bxc4 {½-½ (53) Liodakis,K (2137)-Lekic,D (2428) Chania 2014}) 15. b3 Bb4 16. Rc1 $1 Rhe8 17. c5 $1 Bxc3+ 18. Rxc3 Bxf1 19. cxb6 Bxg2 20. Rg1 {[#] And now bxc7 would win.} Rg8 21. bxa7 {[%cal Ra7a8]} Kb7 22. Rc4 d6 23. Rf4 c5 24. Rxf6 Bd5 25. Rg5 Rxg5 26. hxg5 Kxa7 $11 {KRB-KRB} 27. b4 Bxa2 28. bxc5 dxc5 29. Bxc5+ Kb7 30. f4 Rd7 31. Ke2 Rf7 {Precision: White = 60%, Black = 46%.} 1/2-1/2

[Event "Kurnosov Memorial Rapid 2018"]
[Site "Chelyabinsk"]
[Date "2018.09.07"]
[Round "4"]
[White "Volkov, Sergey"]
[Black "Artemiev, Vladislav"]
[Result "0-1"]
[WhiteElo "2603"]
[BlackElo "2733"]
[Annotator "TA"]
[PlyCount "170"]
[EventDate "2018.09.07"]
[EventType "swiss"]
[EventCountry "RUS"]
[SourceTitle "playchess.com"]
[Source "ChessBase"]
[SourceQuality "1"]

{[%evp 16,170,25,19,41,35,35,7,13,20,40,40,40,34,40,36,44,43,54,25,25,16,27,19,38,21,34,37,30,32,34,23,18,10,10,10,10,6,11,0,10,0,10,0,10,0,11,0,11,0,11,0,8,8,8,8,14,0,14,0,27,3,71,25,33,0,0,8,26,0,1,0,0,0,15,15,10,16,48,14,8,8,8,8,7,0,21,21,60,60,124,96,203,201,241,268,454,404,427,362,581,239,713,350,322,321,314,310,294,280,266,0,30,-1785,-1587,-1587,-2229,-1079,-29960,-29960,-29961,-29952,-29962,-29958,-29964,-29976,-29974,-29973,-29973,-29973,-29971,-29971,-29971,-29971,-29969,-29971,-29971,-29971,-29969,-29967,-29971,-29973,-29973,-29974,-29974,-29975,-29976,-29976,-29977,-29986,-29987,-29987,-29988,-29988,-29989,-29989,-29990]} 1. d4 d5 2. c4 c6 3. cxd5 cxd5 4. Bf4 Nc6 5. e3 Nf6 6. Nc3 Bg4 7. Qb3 {D10: Slav Defence: 3 cxd5 (without early Nf3) and 3 Nc3} Na5 8. Bb5+ Bd7 9. Qc2 {LiveBook: 4 Games. White has an edge.} Nc6 10. Nf3 e6 11. O-O Be7 12. h3 O-O 13. a3 Rc8 14. Bd3 {[#]} Na5 $146 ({Predecessor:} 14... g6) 15. Ne5 Bc6 16. Rfc1 Nc4 17. Qe2 Nxe5 18. Bxe5 Nd7 19. Bg3 Nb6 20. Rc2 Bd6 21. Bxd6 Qxd6 22. Rac1 Bd7 23. Nb5 Qb8 24. Rxc8 Rxc8 25. Rxc8+ Nxc8 26. Qc2 h6 27. Qc5 (27. Nc3 {looks sharper.} Nd6 28. h4 Qc7 29. g3 b6 30. Kg2) 27... b6 (27... g5 {keeps more tension.} 28. Qb4 Kg7 29. Nc3 Nd6 30. f3 b6) 28. Qc2 Kf8 29. g3 Qb7 30. h4 Bc6 31. Qb3 Qd7 32. Qb4+ Kg8 33. Kg2 g5 34. hxg5 hxg5 35. Qb3 Kg7 36. a4 f5 37. Qd1 Qe7 38. Qc1 Bb7 (38... Bxb5 $11 39. axb5 Nd6) 39. Qc3 (39. g4 $5) 39... Qd7 40. b4 Bc6 41. Qc2 Kf6 42. Qc1 Ne7 43. Qh1 {Black must now prevent Qh8+.} Ng6 44. Qc1 a6 45. Nc3 Bxa4 46. Bxa6 Bb3 47. Bb5 Qe7 48. Qb2 Bc4 $1 49. Bxc4 dxc4 50. b5 Qc7 51. Qe2 g4 52. e4 $36 {[%cal Be3e4,Be4e5][%mdl 2080] White is pushing.} Kg5 (52... Kf7 $14) 53. Qd2+ f4 (53... Kh5 $16 {might work better.}) 54. d5 $1 $18 Kf6 55. d6 $1 {[%cal Rd6c7]} f3+ $2 (55... Qd8 56. gxf4 Nh4+ 57. Kg3 Kf7 58. Kxg4 Ng6) 56. Kg1 Qd7 57. e5+ Kg7 $2 (57... Kxe5 58. Qg5+ Kxd6) 58. Ne4 ({Not} 58. Qg5 Qa7 $16) (58. Qd4 $142) 58... Qd8 $2 (58... Qxb5 59. Nc3 Qd7) 59. d7 (59. Ng5 $142 Nf8 60. Qf4) 59... c3 60. Nxc3 Nf8 {[#]} 61. Ne4 $1 {[%cal Re4f6] Threatens to win with Nf6.} Qxd7 62. Qg5+ Ng6 {[#]} 63. Qxg4 $2 (63. Nd6 $1 $18) 63... Qxb5 {Strongly threatening ...Qe2.} 64. Qxe6 $2 {[%mdl 8192]} (64. Nd2 $11) 64... Qb1+ $19 65. Kh2 Qxe4 66. Qxb6 Nxe5 67. Qc7+ {Black mates.} Kg6 68. Qb6+ Kh5 69. Qc5 Qf5 70. Qb6 Ng4+ 71. Kg1 Qd5 {[%cal Rd5d1]} 72. Qb1 Kg5 73. Qc1+ Kg6 74. Qb1+ Kf6 75. Qa1+ Ke6 76. Qa6+ Ke5 77. Qa4 Nf6 78. Qf4+ Ke6 79. Qe3+ Qe4 80. Qb3+ Kf5 81. Qd1 Qe2 82. Qb1+ Ne4 83. g4+ Kxg4 84. Qb6 Qe1+ 85. Kh2 Qxf2+ {Precision: White = 34%, Black = 37%.} 0-1

[Event "Kurnosov Memorial Rapid 2018"]
[Site "Chelyabinsk"]
[Date "2018.09.07"]
[Round "4"]
[White "Zvjaginsev, Vadim"]
[Black "Riazantsev, Alexander"]
[Result "0-1"]
[WhiteElo "2543"]
[BlackElo "2687"]
[Annotator "TA"]
[PlyCount "112"]
[EventDate "2018.09.07"]
[EventType "swiss"]
[EventCountry "RUS"]
[SourceTitle "playchess.com"]
[Source "ChessBase"]
[SourceQuality "1"]

{[%evp 13,112,0,19,19,20,9,0,-41,-34,-41,-40,-70,-64,-83,-75,-97,-91,-95,-101,-111,-72,-60,-79,-121,-120,-127,-114,-114,-115,-131,-114,-187,-184,-184,-184,-188,-176,-241,-155,-174,-125,-132,-125,-131,-131,-129,-133,-134,-125,-137,-130,-138,-120,-139,-145,-180,-177,-177,-179,-200,-197,-193,-197,-248,-257,-250,-243,-239,-239,-279,-285,-259,-213,-327,-320,-304,-318,-383,-352,-422,-350,-1739,-1739,-1596,-1507,-5750,-5422,-5439,-5435,-3607,-1013,-29976,-29976,-29978,-29979,-29984,-29982,-29983,-29984,-29984,-29985]} 1. e4 c6 2. Nf3 d5 3. Nc3 dxe4 4. Nxe4 Nf6 5. Qe2 Nxe4 6. Qxe4 Qd5 {B11: Caro-Kann: Two Knights Variation} (6... Be6 7. b3 Bd5 8. Qe3 e6 9. Bb2 Nd7 10. Be2 Bc5 11. d4 Bxf3 12. Bxf3 Qa5+ 13. c3 Be7 14. O-O {½-½ (60) Ragger,M (2666)-Nisipeanu,L (2682) Graz 2018}) 7. Qe3 Bf5 {LiveBook: 5 Games} 8. d3 Nd7 $146 {The position is equal.} ({Predecessor:} 8... e6 9. Be2 Be7 10. Bd2 Bf6 11. c4 Qd6 12. d4 Nd7 13. O-O O-O 14. Rad1 {1-0 (48) Aranda Gonzalez,J (2245)-Tarrago Domingo,M (2046) Barcelona 2012}) 9. Bd2 e5 {[%cal Be7e5,Be5e4][%mdl 32]} 10. Bc3 {[%cal Rf3e5]} f6 11. Be2 Bc5 12. d4 Bb6 13. Qd2 e4 14. Qe3 O-O-O $1 15. Nd2 {[#]} Ne5 $1 {[%mdl 512]} 16. Nb3 (16. dxe5 Bxe3) 16... Nc4 17. Bxc4 Qxc4 18. Qe2 Qxe2+ 19. Kxe2 Bc7 20. h3 h5 21. Rac1 Be6 22. Rhd1 (22. Nd2 $17) 22... Bc4+ $19 23. Ke1 Rhe8 24. Nd2 Bd5 (24... Bxa2 25. b3 $11) 25. Ke2 (25. Kf1 $142) 25... e3 ({Not} 25... Bxa2 26. b3 $14) 26. fxe3 Bf4 27. Nf1 Bxg2 28. Kf2 Bxf1 $1 29. exf4 Bxh3 30. Rg1 Bg4 $36 {[%mdl 2048] Threatens to win with ...Re2+. Keeping White busy.} 31. Rce1 Kd7 32. Ba5 Rc8 33. c4 b5 34. b3 bxc4 35. bxc4 Rb8 36. Bc3 {[#]} Rb6 $1 37. Rxe8 Kxe8 {[%mdl 4096] Endgame KRB-KRB} 38. a3 (38. Ra1 {might work better.}) 38... Rb3 39. Re1+ Kf7 40. Bb4 Rf3+ 41. Kg2 Rxf4 42. Re7+ Kg8 43. d5 (43. Bc5 {keeps fighting.}) 43... Rxc4 44. d6 {White hopes to continue with d7.} c5 45. Rc7 h4 ({And not} 45... cxb4 46. Rxc4 Kf8 47. axb4 $14) 46. Bxc5 Rc2+ 47. Bf2 $2 (47. Kg1 h3 48. Bf2) 47... Rxc7 48. dxc7 {[#] KB-KB} g5 $1 49. Bxa7 Kf7 50. Kf2 Bc8 51. Bd4 Bb7 (51... g4 $142 52. Kg2 Ke6) 52. a4 f5 {[%cal Bf6f5,Bf5f4][%mdl 32] Black mates.} 53. a5 f4 54. Ke2 Ke6 55. Kd3 h3 56. Bg1 g4 {Precision: White = 30%, Black = 83%.} 0-1

[Event "Kurnosov Memorial Rapid 2018"]
[Site "Chelyabinsk"]
[Date "2018.09.07"]
[Round "4"]
[White "Yakovich, Yuri"]
[Black "Oparin, Grigoriy"]
[Result "1/2-1/2"]
[WhiteElo "2502"]
[BlackElo "2665"]
[Annotator "TA"]
[PlyCount "34"]
[EventDate "2018.09.07"]
[EventType "swiss"]
[EventCountry "RUS"]
[SourceTitle "playchess.com"]
[Source "ChessBase"]
[SourceQuality "1"]

{[%evp 19,25,12,31,11,14,4,4,13]} 1. e4 e5 2. Nf3 Nc6 3. Nc3 Nf6 4. d4 exd4 5. Nxd4 Bb4 6. Nxc6 bxc6 7. Bd3 O-O 8. O-O d5 9. exd5 {C47: Scotch Four Knights and Four Knights with 4 g3} Bg4 10. f3 Bh5 $1 {LiveBook: 9 Games} 11. dxc6 Qd4+ $1 12. Kh1 {[#] And now Bxh7+! would win.} Bxc3 13. bxc3 {[#]} {Predecessor:} Qxc3 $146 14. Rb1 Bg6 15. Bb2 Qxc6 16. Bxf6 Qxf6 17. Bxg6 hxg6 {½-½ (26) Wei,Y (2734)-Vidit,S (2707) Liaocheng 2018} 1/2-1/2

[Event "Kurnosov Memorial Rapid 2018"]
[Site "Chelyabinsk"]
[Date "2018.09.07"]
[Round "4"]
[White "Bezgodov, Alexei"]
[Black "Pridorozhni, Aleksei"]
[Result "1-0"]
[WhiteElo "2455"]
[BlackElo "2659"]
[Annotator "TA"]
[PlyCount "77"]
[EventDate "2018.09.07"]
[EventType "swiss"]
[EventCountry "RUS"]
[SourceTitle "playchess.com"]
[Source "ChessBase"]
[SourceQuality "1"]

{[%evp 14,77,17,16,30,33,29,31,48,14,0,0,6,46,64,16,64,59,60,73,69,28,48,29,33,34,122,112,110,54,59,18,96,89,186,193,232,243,225,81,82,93,95,0,24,42,146,145,228,235,29979,29979,12824,5315,29983,29984,4350,1329,1222,1196,12837,12837,29985,29986,29990,1099]} 1. e4 c5 2. Nc3 Nc6 3. Bb5 Nd4 4. Nf3 e6 5. O-O a6 6. Bd3 Ne7 {B30: Sicilian: 2...Nc6 3 Bb5, lines without ...g6} (6... Nc6 7. b3 Nge7 8. Bb2 Ng6 9. Re1 Be7 10. Nd5 exd5 11. exd5 O-O 12. dxc6 dxc6 13. Bxg6 hxg6 14. a4 {½-½ (81) Grischuk,A (2772)-Harikrishna,P (2744) Huaian 2017}) 7. b3 Nec6 8. Bb2 {LiveBook: 11 Games} Nxf3+ {The position is equal.} 9. Qxf3 Be7 $146 {[%cal Bf8e7,Be7f6,Bf6d4][%mdl 32]} ({Predecessor:} 9... Bd6 10. Qe3 b6 11. Ne2 Be5 12. c3 O-O 13. f4 Bc7 14. c4 {1-0 (44) Antoniewski,R (2607)-Hobuss,U (2403) Triesen 2010}) 10. Qg3 Bf6 11. f4 {[%cal Bf2f4,Bf4f5][%mdl 32]} Bd4+ $1 12. Kh1 d6 13. Rae1 g6 14. f5 Ne5 15. Nd1 Bxb2 16. Nxb2 b5 17. a4 Rb8 18. axb5 axb5 19. c3 h5 (19... O-O $14) 20. h3 $16 h4 21. Qf2 (21. Qe3 $16) 21... Qg5 $14 22. Bc2 {Hoping for fxe6.} Qg3 (22... O-O $1 $11) 23. Qe2 $16 Rg8 (23... O-O $16 {was called for.}) 24. d4 $18 cxd4 25. cxd4 Nc6 {White must now prevent ...gxf5.} 26. Qd2 (26. fxe6 $18 {is the precise move to win.} Bxe6 27. d5) 26... gxf5 $16 27. exf5 {[%cal Be4f5,Bf5f6][%mdl 32] [#] aiming for Be4.} Nxd4 $1 {[%mdl 512] [#]} 28. Be4 (28. fxe6 $1 $16 fxe6 29. Bd1) (28. Qxd4 Qxg2#) 28... e5 29. Nd3 Qg5 (29... Bb7 $14) 30. Qb4 $36 {[%mdl 2048] Black is under strong pressure.} Qe7 (30... Nxf5 $16 31. Bc6+ Kf8) 31. f6 $18 Qa7 $2 (31... Qc7 $18) 32. Qxd6 Rb6 33. Qc5 {[%cal Rc5c8]} Kd8 34. Nxe5 Ra6 35. Qxa7 (35. Qd5+ $142 Bd7 36. Nxf7+ Kc7 37. Rc1+ Bc6 38. Ne5) 35... Rxa7 36. Rd1 Kc7 37. Rxd4 Be6 38. Rc1+ Kb6 39. Rd6+ {Precision: White = 59%, Black = 25%.} 1-0

[Event "Kurnosov Memorial Rapid 2018"]
[Site "Chelyabinsk"]
[Date "2018.09.08"]
[Round "5"]
[White "Artemiev, Vladislav"]
[Black "Morozevich, Alexander"]
[Result "1/2-1/2"]
[WhiteElo "2733"]
[BlackElo "2614"]
[Annotator "TA"]
[PlyCount "44"]
[EventDate "2018.09.07"]
[EventType "swiss"]
[EventCountry "RUS"]
[SourceTitle "playchess.com"]
[Source "ChessBase"]
[SourceQuality "1"]

{[%evp 18,44,0,0,-4,-2,0,0,14,14,17,16,24,0,10,6,17,-10,-24,-18,-19,-25,0,-2,0,-30,-23,-33,-15]} 1. c4 e5 2. Nc3 Nf6 3. e3 Bb4 4. Nge2 c6 (4... O-O 5. a3 Be7 6. Nd5 c6 7. Nxe7+ Qxe7 8. d4 d5 9. cxd5 Nxd5 10. dxe5 Qxe5 11. Qd4 Nd7 12. e4 N5f6 13. f3 c5 {½-½ (73) Laznicka,V (2647)-Harikrishna,P (2744) Riadh 2017}) 5. a3 Ba5 6. b4 {A22: English Opening: 1...e5 2 Nc3 Nf6} Bc7 7. Bb2 O-O 8. Ng3 Re8 9. c5 d5 10. cxd6 $1 {LiveBook: 3 Games} Qxd6 11. Qc2 Nbd7 12. Bd3 $146 ({Predecessor:} 12. Rc1) 12... Nf8 13. Nce4 Nxe4 14. Nxe4 Qh6 15. Ng3 Bd7 16. O-O Rad8 17. Bc4 Be6 18. Rad1 Qg6 19. d3 h5 20. Ne4 Bxc4 21. dxc4 Ne6 {[#] Threatens to win with ...Rxd1.} 22. Qb1 h4 {Precision: White = 56%, Black = 45%.} 1/2-1/2

[Event "Kurnosov Memorial Rapid 2018"]
[Site "Chelyabinsk"]
[Date "2018.09.08"]
[Round "5"]
[White "Riazantsev, Alexander"]
[Black "Iljiushenok, Ilia"]
[Result "0-1"]
[WhiteElo "2687"]
[BlackElo "2572"]
[Annotator "TA"]
[PlyCount "98"]
[EventDate "2018.09.07"]
[EventType "swiss"]
[EventCountry "RUS"]
[SourceTitle "playchess.com"]
[Source "ChessBase"]
[SourceQuality "1"]

{[%evp 14,98,17,13,33,29,36,29,28,26,43,25,43,47,48,28,143,116,110,100,104,67,73,64,70,69,73,65,129,129,160,140,160,136,145,102,119,97,149,107,98,95,93,63,83,64,68,0,104,76,87,52,57,56,57,57,84,-43,-39,-143,-141,-141,-141,-116,0,0,25,-512,-552,-416,-473,-550,-551,-553,-551,-548,-532,-546,-541,-531,-526,-518,-493,-661,-623,-660,-616]} 1. Nf3 Nf6 2. e3 g6 3. b3 Bg7 4. Bb2 O-O 5. c4 d6 6. d4 Nbd7 7. Be2 c6 8. O-O {LiveBook: 13 Games} a6 {E60: King's Indian: Unusual lines and Fianchetto Variation without Nc3} (8... a5 9. Nc3 e5 10. dxe5 dxe5 11. Qd2 e4 12. Nd4 Re8 13. Rad1 Qc7 14. Nc2 Nc5 15. Qd4 Ne6 16. Qd6 Qxd6 17. Rxd6 {1-0 (52) Rambaldi,F (2563)-Perez,M (2399) chess.com INT 2018}) 9. Qc2 Qc7 10. Rd1 Re8 {White has an edge.} 11. Nc3 e5 $146 ({Predecessor:} 11... b5 12. Rac1 b4 13. Na4 c5 14. d5 Nb6 15. Nxb6 Qxb6 16. e4 {½-½ (50) Miltner,A-Vatter,H Eberbach 1980}) 12. b4 Nf8 13. dxe5 dxe5 14. c5 e4 {[#]} (14... a5 $11) 15. Nd2 $1 $36 {[%mdl 2048] Black is under strong pressure.} Ng4 16. Bxg4 Bxg4 17. Re1 f5 18. h3 Bh5 19. Nc4 Nd7 20. Na4 Nf6 (20... Rad8 $14) 21. Nd6 Re7 22. Nb6 Rf8 23. Bd4 h6 24. Qb2 Kh7 25. Rac1 Ng8 (25... Ne8 $142) 26. Bxg7 Rxg7 27. Qe5 g5 28. Rc4 Re7 29. Qh2 (29. Qb2 {is more complex.} Rg7 30. Rd4 Qe7 31. a4 g4 32. h4) 29... Rg7 30. Qe5 Re7 $1 {[%cal Re7e5]} 31. Qg3 (31. Qb2 {keeps more tension.} Rg7 32. Rd4 Qe7 33. Ndc4 Nf6 34. Rd6) 31... Rg7 32. Kh1 Qe7 33. Rd4 Qe6 34. Nbc4 Re7 35. Na5 ({White should play} 35. a3 $16) 35... Qxa2 $15 36. Ndxb7 {[#]} (36. Nac4 $15) 36... f4 $1 $17 {[%cal Rf4g3]} 37. exf4 gxf4 38. Qh4 Bg6 ({Better is} 38... f3 $17 39. g4 Bg6 40. Nxc6 Rxb7) 39. Nd6 $11 e3 40. f3 $2 {[%mdl 8192]} ({Wrong is} 40. Rxf4 $2 Rxf4 41. Qxf4 exf2 $19) ({But not} 40. Nxc6 $2 Qxf2 41. Qxf2 exf2 $19) (40. fxe3 $1 $11 {and White is okay.} f3 41. gxf3 Rxf3 42. Nac4) 40... Qf2 $19 41. Qxf2 exf2 42. Rf1 {Rd2 is the strong threat.Black is clearly winning.} Re1 43. Rd1 Rxd1 44. Rxd1 {[#] aiming for Rf1.} Bd3 $1 {[%mdl 512]} 45. Nxc6 (45. Rxd3 f1=Q+) 45... f1=Q+ 46. Rxf1 Bxf1 47. Kg1 Bb5 48. Na7 Ne7 49. Kf2 Ra8 {Precision: White = 48%, Black = 52%.} 0-1

[Event "Kurnosov Memorial Rapid 2018"]
[Site "Chelyabinsk"]
[Date "2018.09.08"]
[Round "5"]
[White "Yudin, Sergei"]
[Black "Potapov, Pavel"]
[Result "1-0"]
[WhiteElo "2641"]
[BlackElo "2515"]
[Annotator "TA"]
[PlyCount "83"]
[EventDate "2018.09.07"]
[EventType "swiss"]
[EventCountry "RUS"]
[SourceTitle "playchess.com"]
[Source "ChessBase"]
[SourceQuality "1"]

{[%evp 18,83,9,2,20,0,29,24,39,22,31,31,43,0,25,25,20,21,27,27,24,21,26,29,28,39,26,2,14,11,20,0,41,34,43,62,57,20,135,129,145,125,122,117,220,205,225,207,191,210,207,202,203,223,252,235,253,251,402,310,305,301,441,423,423,430,424,412]} 1. e4 c5 2. Nf3 Nc6 3. Bb5 g6 4. Bxc6 bxc6 5. O-O Bg7 6. Re1 Nf6 7. e5 Nd5 8. d3 O-O 9. Nbd2 d6 10. h3 Qc7 {B31: Sicilian: 2...Nc6 3 Bb5 g6} (10... Nc7 11. Ne4 Ne6 12. Be3 f5 13. Neg5 f4 14. Nxe6 Bxe6 15. Bd2 Bd5 16. exd6 exd6 17. Bc3 Bxc3 18. bxc3 {1-0 (37) Gormally,D (2478)-Kalaiyalahan,A (2138) Hull 2018}) 11. Ne4 $146 ({Predecessor:} 11. exd6 exd6 12. c3 Bf5 13. Nc4 Qd7 14. Ne3 Rfe8 15. Nxf5 Qxf5 16. Re2 Nf4 17. Bxf4 Qxf4 18. Qe1 {0-1 (31) Herrera Yeider,F (1283)-Jurado,Y (1433) Medellin 2016}) 11... Bf5 12. c4 Nb6 {White has an edge.} 13. exd6 exd6 14. Qc2 d5 15. Ng3 Be6 {[%cal Rd5c4]} (15... Qc8 {seems wilder.} 16. cxd5 cxd5 17. Be3 Nc4 18. Bc1 Nb6) 16. Ng5 Rfe8 {[%cal Rd5c4]} 17. Nxe6 fxe6 18. Be3 Nd7 19. Rac1 Rac8 20. Nf1 e5 21. Nd2 Qd6 22. Nb3 e4 23. dxe4 Rxe4 24. Red1 Qe6 {[%cal Re4c4]} 25. Nd2 {[%cal Bb3d2,Bd2f1,Bf1g3][%mdl 32] [#] Black must now prevent cxd5.} Rxe3 26. fxe3 Qxe3+ 27. Kh1 Ne5 (27... Nf6 $11 {keeps the balance.}) 28. Nf1 $36 {[%mdl 2048] White is on the roll.} Qe4 29. Qxe4 dxe4 30. Rc2 Nd3 {[#]} (30... Re8 $16) 31. Ng3 $1 $18 Nxb2 32. Rb1 Nd3 {Black wants to play ...e3.} 33. Nxe4 Re8 34. Nd6 Rd8 35. Nb7 Rd7 36. Na5 Nb4 37. Re2 Bd4 $2 (37... Rd3 38. Re7 Ra3) 38. a3 Nd3 39. Nxc6 Nf4 (39... Bf6 $142 40. Rf1 Kg7) 40. Re7 {White is clearly winning.} Rxe7 41. Nxe7+ Kf7 42. Nc6 {Precision: White = 79%, Black = 42%.} 1-0

[Event "Kurnosov Memorial Rapid 2018"]
[Site "Chelyabinsk"]
[Date "2018.09.08"]
[Round "5"]
[White "Kryakvin, Dmitry"]
[Black "Bezgodov, Alexei"]
[Result "1/2-1/2"]
[WhiteElo "2589"]
[BlackElo "2455"]
[Annotator "TA"]
[PlyCount "80"]
[EventDate "2018.09.07"]
[EventType "swiss"]
[EventCountry "RUS"]
[SourceTitle "playchess.com"]
[Source "ChessBase"]
[SourceQuality "1"]

{[%evp 10,80,16,0,7,8,0,0,16,7,8,0,0,4,1,0,0,1,7,10,20,10,15,17,44,30,42,16,42,31,148,156,155,22,14,35,31,21,14,0,0,0,19,31,29,0,0,0,0,0,0,0,0,0,0,-13,0,0,0,0,2,0,0,0,0,0,0,0,2,0,0,0,0]} 1. d4 Nf6 2. Bg5 d5 3. e3 c6 4. Nd2 Bf5 5. Bxf6 exf6 6. Ngf3 Bd6 {D00: Damenbauernspiele} 7. a3 $146 ({Vorgänger:} 7. Be2 O-O 8. O-O Nd7 9. c4 Re8 10. cxd5 cxd5 11. Qb3 Nb6 12. Nb1 Qe7 13. Nc3 Be6 14. Nd2 {½-½ (46) Vasilev,M (2487)-Baciu,D (2139) Albena 2009}) 7... O-O 8. c4 dxc4 9. Nxc4 Bc7 10. Bd3 Bxd3 11. Qxd3 Nd7 {[%cal Bb8d7,Bd7e5,Be5f3][%mdl 32]} 12. O-O Ne5 13. Qe2 Nxf3+ 14. Qxf3 Re8 15. Rfd1 Rc8 16. g3 Bb8 17. Rac1 g6 18. b4 f5 19. Na5 Qe7 {[#]} (19... Qd7 $14) 20. d5 $1 $16 cxd5 {[#]} 21. Qxd5 (21. Rxc8 $1 $16 Rxc8 22. Qxd5) 21... Rxc1 $11 22. Rxc1 Be5 23. Rd1 Bb2 24. Nc4 Bf6 25. Na5 Bb2 26. Rd3 Rb8 27. Qc5 Qxc5 {Die Stellung ist ausgeglichen.} 28. bxc5 {[%mdl 4096] Endspiel KTL-KTS} b6 29. Rb3 Bf6 30. Nc4 {[%cal Rc5b6]} b5 31. Nd6 {zielt auf c6 ab.} Be7 32. Rd3 b4 33. axb4 Rxb4 34. Ra3 Rb1+ 35. Kg2 Bxd6 36. cxd6 Rd1 37. Ra6 Kg7 38. h3 Kf6 39. d7+ Ke7 40. Rxa7 Rxd7 {Precision: Weiß = 44%, Schwarz = 58%.} 1/2-1/2